000
00249nam a2200097Ia 4500
008
230508s1998 xx 000 0 und d
041
_a
eng
100
_a
JAIN P.L.
245
_a
TOOL ENGINEERING FOR METAL CASTING PROC 2NDED
260
_b
STANDERD
_c
1998
999
_c
343883
_d
343883